000
00259nam a2200097Ia 4500
001
686739
005
20250826161542.0
008
250824s9999 xx 000 0 und d
245
0
_a
Çakıcı nın İlk Kurşunu
_c
SABAHATTİN ALİ
260
_b
YAPI KREDİ YAYINLARI
999
_c
686739
_d
686739